| 000 | 01471cab a2200253 4500 | ||
|---|---|---|---|
| 001 | ##L131933 | ||
| 008 | 051219n2005 000 0 eng u | ||
| 035 | _a(Sirsi) u131933 | ||
| 041 | 0 | _aeng | |
| 100 | 1 | _aIliffe, Richard | |
| 245 | 0 | 0 | _aAct widens powers to control licences. |
| 260 | _c2005 | ||
| 490 | 0 |
_aPlanning (for the Natural and Built Environment) _v(1648) 9 December 2005, 14-15(2) |
|
| 520 | _aExamines the shift in the administration of regulatory functions as a consequence of the Licensing Act 2003 coming into force and provides an overview of the licensing reform legislation. The traditional liquor licensing regime has always coexisted uneasily with the development control provisions of town and country planning legislation. The Act makes express provision for planners to have a role in the liquor licensing process. Looks at the planning authority's limited powers to object to an application for a liquor licence and their increased scope afforded by s51 of the Act for raising objections after a licence has been granted. | ||
| 590 | _aIKA030106 | ||
| 650 | 2 | 4 | _aLICENSING ACT 2003 |
| 650 | 2 | 4 | _aCRIME AND DISORDER ACT 1998 S17 |
| 650 | 2 | 4 | _aPPG1 |
| 650 | 2 | 4 | _aTOWN AND COUNTRY PLANNING (USE CLASSES) (AMENDMENT) (ENGLAND) ORDER 2005 |
| 650 | 2 | 4 | _aLICENSING ACT 2003 S51 |
| 690 | _aENVIRONMENTAL AND LAND CONSULTANCY-PLANNING AND DEVELOPMENT-DEVELOPMENT CONTROL-PLANNING ENFORCEMENT | ||
| 700 | 1 | _aYoudan, Phillip | |
| 942 | _n0 | ||
| 999 |
_c76297 _d76297 |
||